Normal view
MARC view
- John A.Thomas, Roy L. Fuchs
Entry Personal Name
001 - CONTROL NUMBER
- control field: 127097
003 - CONTROL NUMBER IDENTIFIER
- control field: NUST
005 - DATE AND TIME OF LATEST TRANSACTION
- control field: 20241212114831.0
008 - FIXED-LENGTH DATA ELEMENTS
- fixed length control field: 241212|| aca||aabn | a|a d
040 ## - CATALOGING SOURCE
- Original cataloging agency: NUST
- Transcribing agency: NUST
100 ## - HEADING--PERSONAL NAME
- Personal name: John A.Thomas, Roy L. Fuchs
670 ## - SOURCE DATA FOUND
- Source citation: Work cat.: (NUST)565512: John A.Thomas, Roy L. Fuchs, Biotechnology and Safety Assessment /, 2002
